000 00374nam a2200157Ia 4500
003 LK-CoDNM
008 010623t1979 xxu||||| |||| 00| 1 eng d
040 _aLK-CoDNM
_dLK-CoDNM
_eLK-CoDNM
041 _aeng
080 _a(x)343.1 PIE
100 _aPeiris,Gamini Lakshman
245 _aUniversity Of Colombo
260 _b
_c1979
300 _bp.55, 24.5 cm
942 _cBK
999 _c110912
_d110912